| 000 | 00565nam a22001937a 4500 | ||
|---|---|---|---|
| 005 | 20240129124017.0 | ||
| 008 | 231016b |||||||| |||| 00| 0 eng d | ||
| 020 | _a9780199661688 | ||
| 082 |
_a617.67 _bBAN-P |
||
| 100 | _aBanerjee, Avijit | ||
| 245 |
_aPickard's Manual of Operative Dentistry / _cAvijit Banerjee, Timothy F Watson. |
||
| 250 | _a9th ed. | ||
| 260 |
_aUSA : _bOxford; _c2011. |
||
| 300 |
_aix ,157 p.: _bill, _c27 cm. |
||
| 500 | _aPrinted in Pakistan.Include Index. | ||
| 650 | _aDentistry/Medical | ||
| 700 | _aTimothy F Waston | ||
| 999 |
_c33902 _d33902 |
||